Kỹ năng và nghệ thuật thuyết trình ( Song ngữ Anh - VIệt )

Sách nêu lên tầm quan trọng của kỹ năng và nghệ thuật thuyết trình đối với nhà điều hành, quản lí, nhà khoa học, chuyên gia. Những bước chuẩn bị, yêu cầu về ngôn ngữ, ngữ điệu, cách trình bày ....

Description complète

Enregistré dans:
Détails bibliographiques
Auteur principal: Lê, Quang Huy
Format: Livre
Langue:Undetermined
Publié: Thành phố Hồ Chí Minh Trẻ 2006
Sujets:
Tags: Ajouter un tag
Pas de tags, Soyez le premier à ajouter un tag!
Thư viện lưu trữ: Trung tâm Học liệu Trường Đại học Cần Thơ
LEADER 00899nam a2200217Ia 4500
001 CTU_101013
008 210402s9999 xx 000 0 und d
020 |c 14000 
082 |a 808.51 
082 |b H523 
100 |a Lê, Quang Huy 
245 0 |a Kỹ năng và nghệ thuật thuyết trình 
245 0 |b ( Song ngữ Anh - VIệt ) 
245 0 |c Lê Quang Huy 
260 |a Thành phố Hồ Chí Minh 
260 |b Trẻ 
260 |c 2006 
520 |a Sách nêu lên tầm quan trọng của kỹ năng và nghệ thuật thuyết trình đối với nhà điều hành, quản lí, nhà khoa học, chuyên gia. Những bước chuẩn bị, yêu cầu về ngôn ngữ, ngữ điệu, cách trình bày . 
650 |a Public speaking 
904 |i Minh 
980 |a Trung tâm Học liệu Trường Đại học Cần Thơ